Francais 6 : (Registro nro. 47274)
[ vista simple ]
| 000 -CABECERA | |
|---|---|
| campo de control de longitud fija | 01117nam a2200241 a 4500 |
| 001 - NÚMERO DE CONTROL | |
| campo de control | 000047786 |
| 005 - FECHA Y HORA DE LA ÚLTIMA TRANSACCIÓN | |
| campo de control | 20201002060733.0 |
| 008 - DATOS DE LONGITUD FIJA--INFORMACIÓN GENERAL | |
| campo de control de longitud fija | 180418s2018 dr ac 000 0 spa d |
| 020 ## - NÚMERO INTERNACIONAL ESTÁNDAR DEL LIBRO | |
| Número Internacional Estándar del Libro | 9789945125634 (v. 1) |
| 020 ## - NÚMERO INTERNACIONAL ESTÁNDAR DEL LIBRO | |
| Número Internacional Estándar del Libro | 9789945125634 (v. 2) |
| 020 ## - NÚMERO INTERNACIONAL ESTÁNDAR DEL LIBRO | |
| Número Internacional Estándar del Libro | 9789945125719 (v. 3) |
| 040 ## - FUENTE DE LA CATALOGACIÓN | |
| Centro catalogador/agencia de origen | DO-SdBNP |
| Lengua de catalogación | spa |
| Centro/agencia transcriptor | BNPHU |
| 082 ## - NÚMERO DE LA CLASIFICACIÓN DECIMAL DEWEY | |
| Número de clasificación | xxx |
| Número de documento/Ítem | xxx |
| 100 1# - ENTRADA PRINCIPAL--NOMBRE DE PERSONA | |
| Nombre de persona | Martínez, Ciana |
| 9 (RLIN) | 74940 |
| 245 10 - MENCIÓN DE TÍTULO | |
| Título | Francais 6 : |
| Resto del título | niveau secondaire / |
| Mención de responsabilidad, etc. | Ciana Martínez. |
| 260 ## - PUBLICACIÓN, DISTRIBUCIÓN, ETC. | |
| Lugar de publicación, distribución, etc. | Santo Domingo, : |
| Nombre del editor, distribuidor, etc. | susaeta, |
| Fecha de publicación, distribución, etc. | 2018. |
| 300 ## - DESCRIPCIÓN FÍSICA | |
| Extensión | 3 v. : |
| Otras características físicas | il., retrs. ; |
| Dimensiones | 30 cm. |
| 500 ## - NOTA GENERAL | |
| Nota general | Incluye libro del alumno, cuaderno de actividades y guía didáctica y solucionario. |
| 505 0# - NOTA DE CONTENIDO CON FORMATO | |
| Título | Voyager, j´y vais, j´en viens -- |
| -- | Repas du matin, de l´aprés-midi, du soir -- |
| -- | Communication en direct, différée, face á face -- |
| -- | Invitations, fêtes, céremonies -- |
| -- | Animaux en liberté, en cage, sauvages -- |
| -- | Le sport en famille, dans un club, sur un terrain de sport -- |
| -- | Avant, hier, aujord´hui -- |
| -- | Bibliographie / |
| 500 ## - NOTA GENERAL | |
| Nota general | Libro de educación secundaria. |
| 500 ## - NOTA GENERAL | |
| Nota general | Nuevo programa = Nouveau programme. |
| 590 ## - NOTA LOCAL (RLIN) | |
| Nota local | Inventariado, 2018/ YL |
| Estado de retiro | Estado de pérdida | No para préstamo | Código de colección | Localización permanente | Ubicación/localización actual | Ubicación en estantería | Fecha de adquisición | Número de inventario | Total de préstamos | Signatura topográfica completa | Código de barras | Fecha visto por última vez | Precio válido a partir de | Tipo de ítem Koha |
|---|---|---|---|---|---|---|---|---|---|---|---|---|---|---|
| Excluido de préstamo | Patrimonio Dominicano | General | General | En catalogación | 10.08.2018 | LF1 | v. 1, e. 3 | 47786-30 | 25.06.2020 | 25.06.2020 | Libro y Folleto Colección Patrimonio Dominicano | |||
| Excluido de préstamo | Patrimonio Dominicano | General | General | En catalogación | 07.12.2018 | LF1 | v. 2, e. 3 | 47786-60 | 25.06.2020 | 25.06.2020 | Libro y Folleto Colección Patrimonio Dominicano | |||
| Excluido de préstamo | Patrimonio Dominicano | General | General | En catalogación | 07.12.2018 | LF1 | v. 3, e. 3 | 47786-90 | 25.06.2020 | 25.06.2020 | Libro y Folleto Colección Patrimonio Dominicano | |||
| Excluido de préstamo | Patrimonio Dominicano | Patrimonio Dominicano | Patrimonio Dominicano | En catalogación | 10.08.2018 | LF1 | v. 1 | 47786-10 | 25.06.2020 | 25.06.2020 | Libro y Folleto Colección Patrimonio Dominicano | |||
| Excluido de préstamo | Patrimonio Dominicano | Patrimonio Dominicano | Patrimonio Dominicano | En catalogación | 10.08.2018 | LF1 | v. 1, e. 2 | 47786-20 | 25.06.2020 | 25.06.2020 | Libro y Folleto Colección Patrimonio Dominicano | |||
| Excluido de préstamo | Patrimonio Dominicano | Patrimonio Dominicano | Patrimonio Dominicano | En catalogación | 07.12.2018 | LF1 | v. 2 | 47786-40 | 25.06.2020 | 25.06.2020 | Libro y Folleto Colección Patrimonio Dominicano | |||
| Excluido de préstamo | Patrimonio Dominicano | Patrimonio Dominicano | Patrimonio Dominicano | En catalogación | 07.12.2018 | LF1 | v. 2, e. 2 | 47786-50 | 25.06.2020 | 25.06.2020 | Libro y Folleto Colección Patrimonio Dominicano | |||
| Excluido de préstamo | Patrimonio Dominicano | Patrimonio Dominicano | Patrimonio Dominicano | En catalogación | 07.12.2018 | LF1 | v. 3 | 47786-70 | 25.06.2020 | 25.06.2020 | Libro y Folleto Colección Patrimonio Dominicano | |||
| Excluido de préstamo | Patrimonio Dominicano | Patrimonio Dominicano | Patrimonio Dominicano | En catalogación | 07.12.2018 | LF1 | v. 3, e. 2 | 47786-80 | 25.06.2020 | 25.06.2020 | Libro y Folleto Colección Patrimonio Dominicano |
